Normal view
MARC view
- Gujarat (India)
Entry Geographic Name
001 - CONTROL NUMBER
- control field: 3584
003 - CONTROL NUMBER IDENTIFIER
- control field: NUST
005 - DATE AND TIME OF LATEST TRANSACTION
- control field: 20170726162616.0
008 - FIXED-LENGTH DATA ELEMENTS
- fixed length control field: 170726|| aca||aabn | a|a d
040 ## - CATALOGING SOURCE
- Original cataloging agency: NUST
- Transcribing agency: NUST
151 ## - HEADING--GEOGRAPHIC NAME
- Geographic name: Gujarat (India)
- General subdivision: History.
670 ## - SOURCE DATA FOUND
- Source citation: Work cat.: (NUST)0: Ghalib, Mirza Asadullah Khan, 1797-1869. 3145, Mirza Ghalib and the Mirs of Gujarat /, 2003.
